Socialismo y reforma social (Record no. 121901)

MARC details
000 -LEADER
campo de control de longitud fija 00860nam a2200193 4500
001 - NÚMERO DE CONTROL
campo de control 121901
003 - IDENTIFICADOR DE NÚMERO DE CONTROL
campo de control ES-MaACL
005 - FECHA Y HORA DE LA ÚLTIMA TRANSACCIÓN
campo de control 20250916063050.0
007 - CAMPO FIJO DE DESCRIPCIÓN FÍSICA--INFORMACIÓN GENERAL
campo de control de longitud fija t|
008 - DATOS DE LONGITUD FIJA--INFORMACIÓN GENERAL
campo de control de longitud fija 070214s1904 sp r ||||1| spa d
100 1# - ENTRADA PRINCIPAL--NOMBRE DE PERSONA
Nombre de persona Posada, Adolfo,
Fechas asociadas al nombre 1860-1944
9 (RLIN) 93316
245 10 - MENCIÓN DEL TÍTULO
Título Socialismo y reforma social
Resto del título : Las fórmulas del marxismo, Materialismo histórico, El Capital de Marx, El factor económico, Socialistas y juristas, Socialismo y cuestion agraria, El deber social, El contrato de trabajo, La jornada de ocho horas, Legislación social, Las huelgas, Conciliación y arbitraje /
Mención de responsabilidad, etc. por Adolfo Posada.
260 ## - PUBLICACIÓN, DISTRIBUCIÓN, ETC.
Lugar de publicación, distribución, etc. Madrid :
Nombre del editor, distribuidor, etc. [s.n.],
Fecha de publicación, distribución, etc. 1904 (
Fabricante Est. tip. de Ricardo Fe)
300 ## - DESCRIPCIÓN FÍSICA
Extensión 251 p. ;
Dimensiones 19 cm.
650 #7 - PUNTO DE ACCESO ADICIONAL DE MATERIA--TÉRMINO DE MATERIA
Término de materia o nombre geográfico como elemento de entrada Problemas sociales
Fuente del encabezamiento o término embne
9 (RLIN) 16415
650 07 - PUNTO DE ACCESO ADICIONAL DE MATERIA--TÉRMINO DE MATERIA
Término de materia o nombre geográfico como elemento de entrada Socialismo
Fuente del encabezamiento o término embne
9 (RLIN) 17147
852 ## - LOCALIZACIÓN
Ubicación ES-MaACL
Número de control de estantería D-4712
Holdings
Estatus retirado Estado de pérdida Estado de daño No para préstamo Biblioteca de origen Biblioteca actual Ubicación en estantería Fecha de adquisición Fuente de adquisición Total de préstamos Signatura topográfica completa Código de barras Visto por última vez Precio de reemplazo Tipo de ítem Koha
        Biblioteca del Ateneo de Madrid Biblioteca del Ateneo de Madrid Sala Valle Inclán 17/01/2008     D-4712 901127036 23/02/2023 23/02/2023 Libro impreso